LIBRARY & INFORMATION CENTRE, KCAET, TAVANUR

ONLINE PUBLIC ACCESS CATALOGUE (OPAC)

History of India / (Record no. 696)

MARC details
000 -LEADER
fixed length control field 00446cam a2200169ua 4500
041 ## - LANGUAGE CODE
Language code of text/sound track or separate title eng
082 ## - DEWEY DECIMAL CLASSIFICATION NUMBER
Classification number 954
Item number NAR/HI
100 ## - MAIN ENTRY--AUTHOR NAME
Personal name Narendra krishna Sinha, .
245 ## - TITLE STATEMENT
Title History of India /
250 ## - EDITION STATEMENT
Edition statement 8 /
260 ## - PUBLICATION, DISTRIBUTION, ETC. (IMPRINT)
Place of publication Calcutta :
Name of publisher A.Mukheree & co.Private ltd ,
Year of publication 1967.
300 ## - PHYSICAL DESCRIPTION
Number of Pages 698 ; .
700 1# - ADDED ENTRY--PERSONAL NAME
Personal name Anil chandra , Banerjee .
942 ## - ADDED ENTRY ELEMENTS (KOHA)
Koha item type Books
Holdings
Withdrawn status Lost status Damaged status Home library Current library Date acquired Full call number Accession Number Koha item type
Withdrawn     KAUAET Malayalam University 07/04/2012 954 11317 Books
free website counter